[Event "Philadelphia op 16th"]
[Site "Philadelphia"]
[Date "2023.06.25"]
[Round "3"]
[White "Mulyar, Michael A"]
[Black "Rogers, Norman"]
[Result "1-0"]
[WhiteElo "2364"]
[BlackElo "2056"]
[PlyCount "93"]
[EventDate "2023.06.24"]
[EventType "swiss"]
[EventRounds "9"]
[EventCountry "USA"]
[SourceTitle "CBM 215 Extra"]
[Source "ChessBase"]
[SourceDate "2023.09.30"]
[SourceVersion "1"]
[SourceVersionDate "2023.09.30"]
[SourceQuality "1"]

1. d4 Nf6 2. Nf3 g6 3. c4 Bg7 4. g3 0-0 5. Bg2 d6 6. 0-0 Nbd7 7. Nc3 e5 8. e4 c6 9. h3 a5 10. Be3 exd4 11. Nxd4 Re8 12. Qc2 Nc5 13. Rad1 Qe7 14. Rfe1 a4 15. b4 axb3 16. axb3 h5 17. Bg5 Qc7 18. Bf4 Na6 19. Nf3 Bf8 20. e5 dxe5 21. Bxe5 Bf5 22. Qc1 Rxe5 23. Nxe5 Nb4 24. Qf4 Bd6 25. c5 Bxc5 26. Nxg6 Bxf2+ 27. Kxf2 Qb6+ 28. Qd4 Qxd4+ 29. Rxd4 Nd3+ 30. Rxd3 Bxd3 31. Nf4 Bf5 32. Re5 Bd7 33. Na4 b5 34. Nc5 Ra2+ 35. Re2 Ra3 36. Nxd7 Nxd7 37. Bxc6 Nc5 38. b4 Na6 39. Nxh5 Nxb4 40. Re8+ Kh7 41. Bxb5 Kg6 42. Nf4+ Kf6 43. Be2 Ra5 44. Rc8 Nd5 45. Nxd5+ Rxd5 46. Rc7 Rf5+ 47. Kg2 1-0

[Event "Chicago op 32nd"]
[Site "Chicago"]
[Date "2023.05.29"]
[Round "9"]
[White "Mulyar, Michael A"]
[Black "Shlyakhtenko, Robert"]
[Result "1-0"]
[WhiteElo "2364"]
[BlackElo "2427"]
[PlyCount "113"]
[EventDate "2023.05.25"]
[EventType "swiss"]
[EventRounds "9"]
[EventCountry "USA"]
[SourceTitle "CBM 214 Extra"]
[Source "ChessBase"]
[SourceDate "2023.07.31"]
[SourceVersion "1"]
[SourceVersionDate "2023.07.31"]
[SourceQuality "1"]

1. d4 Nf6 2. Nf3 e6 3. c4 b6 4. g3 Ba6 5. b3 Bb4+ 6. Bd2 Be7 7. Bg2 d5 8. cxd5 exd5 9. Nc3 0-0 10. 0-0 Re8 11. Ne5 Bb7 12. Qc2 c5 13. dxc5 bxc5 14. Bf4 Na6 15. Rad1 Nc7 16. Nc4 Ne6 17. Be5 Rc8 18. e3 Nc7 19. Rd2 Qd7 20. Rfd1 Red8 21. Bxc7 Rxc7 22. Nxd5 Bxd5 23. Bxd5 Nxd5 24. e4 Nb4 25. Rxd7 Rcxd7 26. Rxd7 Nxc2 27. Rxe7 a6 28. Rc7 Nb4 29. a4 h6 30. Rxc5 Rd3 31. Rc8+ Kh7 32. Rb8 Nc2 33. Rb6 g5 34. Ne3 Nxe3 35. fxe3 Rxe3 36. a5 h5 37. Kf2 Rc3 38. e5 Kg7 39. Ke2 h4 40. gxh4 gxh4 41. b4 Rb3 42. h3 Kh7 43. Kf2 Kg7 44. Kg2 Rg3+ 45. Kh2 Rb3 46. Kg1 Kg8 47. Kf2 Kg7 48. Ke2 Kh7 49. Rxa6 Rxb4 50. Kf3 Rb3+ 51. Kg4 Re3 52. Rf6 Kg7 53. Rf3 Rxe5 54. Ra3 Re4+ 55. Kf5 Re7 56. a6 Ra7 57. Kg5 1-0

[Event "Charlotte CCCSA Fall GM-A"]
[Site "Charlotte"]
[Date "2022.11.21"]
[Round "8"]
[White "Preotu, Razvan"]
[Black "Mulyar, Michael A"]
[Result "1/2-1/2"]
[WhiteElo "2493"]
[BlackElo "2355"]
[PlyCount "116"]
[EventDate "2022.11.18"]
[EventType "tourn"]
[EventRounds "9"]
[EventCountry "USA"]
[EventCategory "8"]
[SourceTitle "CBM 211 Extra"]
[Source "ChessBase"]
[SourceDate "2023.01.31"]
[SourceVersion "1"]
[SourceVersionDate "2023.01.31"]
[SourceQuality "1"]

1. e4 e5 2. Nf3 Nc6 3. Bc4 Bc5 4. c3 Nf6 5. d3 d6 6. 0-0 a6 7. a4 Ba7 8. Re1 h6 9. Nbd2 0-0 10. h3 Re8 11. b4 Be6 12. Bxe6 Rxe6 13. Qc2 Qd7 14. Rb1 b5 15. Ra1 Rae8 16. Nb3 Bb6 17. Bd2 Nh5 18. Nh4 Rf6 19. Be3 Nf4 20. Kh2 d5 21. a5 Bxe3 22. fxe3 Ne6 23. exd5 Qxd5 24. e4 Qd8 25. Nf5 Ne7 26. Ne3 Qd6 27. Ng4 Rg6 28. Rf1 Rf8 29. Ne3 c5 30. Nf5 Qc7 31. Nh4 Rg5 32. Nxc5 Nxc5 33. bxc5 Qxc5 34. Qb3 Nc8 35. Nf3 Rg6 36. d4 exd4 37. cxd4 Qc7+ 38. Ne5 Rc6 39. Rf3 Rc4 40. Qe3 f6 41. Qf4 Rxd4 42. Rc1 Qxe5 43. Qxe5 fxe5 44. Rxf8+ Kxf8 45. Rxc8+ Ke7 46. Rc7+ Rd7 47. Rc6 Rd6 48. Rc7+ Rd7 49. Rc6 Rd6 50. Rc7+ Kf6 51. Rb7 g6 52. h4 h5 53. Kh3 Rd3+ 54. g3 Rd6 55. Kg2 Ke6 56. Rg7 Kf6 57. Rb7 Ke6 58. Rg7 Kf6 1/2-1/2

[Event "Charlotte CCCSA Fall GM-A"]
[Site "Charlotte"]
[Date "2022.11.21"]
[Round "7"]
[White "Shmeliov, Denis"]
[Black "Mulyar, Michael A"]
[Result "1/2-1/2"]
[WhiteElo "2415"]
[BlackElo "2355"]
[PlyCount "106"]
[EventDate "2022.11.18"]
[EventType "tourn"]
[EventRounds "9"]
[EventCountry "USA"]
[EventCategory "8"]
[SourceTitle "CBM 211 Extra"]
[Source "ChessBase"]
[SourceDate "2023.01.31"]
[SourceVersion "1"]
[SourceVersionDate "2023.01.31"]
[SourceQuality "1"]

1. e4 e5 2. Nf3 Nc6 3. Bc4 Bc5 4. c3 Nf6 5. d4 exd4 6. e5 d5 7. Bb5 Ne4 8. cxd4 Bb6 9. Nc3 0-0 10. Be3 Bg4 11. h3 Bh5 12. Qc2 Nxc3 13. bxc3 f6 14. exf6 Qxf6 15. Be2 Bg6 16. Qb3 Qd6 17. 0-0 h6 18. a4 Rad8 19. Qa2 a6 20. Rae1 Kh8 21. Qd2 Rde8 22. Nh2 Na5 23. Ng4 Nc4 24. Bxc4 dxc4 25. Ne5 Rxe5 26. dxe5 Qxd2 27. Bxd2 Bd3 28. Be3 Bxe3 29. Rxe3 Bxf1 30. Kxf1 g5 31. Re4 b5 32. axb5 axb5 33. Rd4 Re8 34. Rd5 c6 35. Rc5 Kg7 36. Ke2 Kf7 37. Ke3 Rc8 38. Ke4 Ke6 39. g3 Kd7 40. f4 Kc7 41. e6 Kd6 42. Re5 gxf4 43. gxf4 Ke7 44. f5 Kf6 45. Kf4 Rg8 46. e7 Re8 47. Re6+ Kf7 48. Rxh6 Rxe7 49. Rxc6 Re1 50. Rb6 Rc1 51. Ke5 Rxc3 52. Rb7+ Ke8 53. Rxb5 Rxh3 1/2-1/2

[Event "Charlotte CCCSA Fall GM-A"]
[Site "Charlotte"]
[Date "2022.11.18"]
[Round "1"]
[White "Mardov, Dimitar"]
[Black "Mulyar, Michael A"]
[Result "1/2-1/2"]
[WhiteElo "2432"]
[BlackElo "2355"]
[PlyCount "57"]
[EventDate "2022.11.18"]
[EventType "tourn"]
[EventRounds "9"]
[EventCountry "USA"]
[EventCategory "8"]
[SourceTitle "CBM 211 Extra"]
[Source "ChessBase"]
[SourceDate "2023.01.31"]
[SourceVersion "1"]
[SourceVersionDate "2023.01.31"]
[SourceQuality "1"]

1. d4 d5 2. c4 c6 3. Nf3 Nf6 4. e3 Bg4 5. h3 Bh5 6. Nc3 e6 7. g4 Bg6 8. Ne5 Nbd7 9. Nxg6 hxg6 10. g5 Ne4 11. Nxe4 dxe4 12. h4 Qa5+ 13. Bd2 Bb4 14. Bxb4 Qxb4+ 15. Qd2 Qxd2+ 16. Kxd2 f5 17. Be2 Ke7 18. f3 exf3 19. Bxf3 Rh7 20. Rh3 Rah8 21. Rah1 e5 22. Be2 e4 23. c5 Nf8 24. Bc4 Ne6 25. Bxe6 Kxe6 26. Ke2 Rf8 27. Rf1 Rfh8 28. Rfh1 Rf8 29. Rf1 1/2-1/2

[Event "Charlotte CCCSA Summer GM-A"]
[Site "Charlotte"]
[Date "2022.07.26"]
[Round "4"]
[White "Korley, Kassa"]
[Black "Mulyar, Michael A"]
[Result "0-1"]
[WhiteElo "2421"]
[BlackElo "2347"]
[PlyCount "94"]
[EventDate "2022.07.24"]
[EventType "tourn"]
[EventRounds "9"]
[EventCountry "USA"]
[EventCategory "7"]
[SourceTitle "CBM 209 Extra"]
[Source "ChessBase"]
[SourceDate "2022.09.30"]
[SourceVersion "1"]
[SourceVersionDate "2022.09.30"]
[SourceQuality "1"]

1. Nf3 d5 2. g3 Nf6 3. Bg2 c6 4. 0-0 Bg4 5. d3 Nbd7 6. Nbd2 e5 7. e4 dxe4 8. dxe4 Qc7 9. h3 Bh5 10. Qe1 Bc5 11. a4 a5 12. Nb3 Bb6 13. Nfd2 Nc5 14. Ra3 Nxb3 15. Rxb3 0-0 16. Nc4 Bd4 17. Bd2 b6 18. Bg5 Nd7 19. Be7 Rfe8 20. Bd6 Qa7 21. g4 Bg6 22. h4 h6 23. Rg3 b5 24. c3 bxc4 25. cxd4 Qxd4 26. Ba3 Nf6 27. g5 hxg5 28. Rxg5 Bxe4 29. h5 Bxg2 30. Kxg2 Nxh5 31. Rg1 Re6 32. Kf1 Qd3+ 33. Qe2 Qxe2+ 34. Kxe2 Nf4+ 35. Kf3 g6 36. Rc1 Rd8 37. Bc5 Nd3 38. Rxc4 Nxc5 39. Rxc5 Rd5 40. Rc4 e4+ 41. Kg4 f5+ 42. Kf4 Rd2 43. Ke3 Rxb2 44. Rc5 Kf7 45. Rxa5 Rd6 46. Rg1 Rd3+ 47. Kf4 Kf6 0-1

[Event "Charlotte CCCSA Summer GM-A"]
[Site "Charlotte"]
[Date "2022.07.25"]
[Round "2"]
[White "Becerra Rivero, Julio"]
[Black "Mulyar, Michael A"]
[Result "1/2-1/2"]
[WhiteElo "2465"]
[BlackElo "2347"]
[PlyCount "23"]
[EventDate "2022.07.24"]
[EventType "tourn"]
[EventRounds "9"]
[EventCountry "USA"]
[EventCategory "7"]
[SourceTitle "CBM 209 Extra"]
[Source "ChessBase"]
[SourceDate "2022.09.30"]
[SourceVersion "1"]
[SourceVersionDate "2022.09.30"]
[SourceQuality "1"]

1. e4 e5 2. Bc4 Nf6 3. d3 Nc6 4. Nc3 Bb4 5. Nge2 d5 6. exd5 Nxd5 7. 0-0 Be6 8. Bd2 0-0 9. Bxd5 Bxd5 10. Nxd5 Qxd5 11. Bxb4 Nxb4 12. Qd2 1/2-1/2

[Event "Philadelphia int op 15th"]
[Site "Philadelphia"]
[Date "2022.06.27"]
[Round "6"]
[White "Ansh, M Shah"]
[Black "Mulyar, Michael A"]
[Result "1/2-1/2"]
[WhiteElo "2143"]
[BlackElo "2348"]
[PlyCount "80"]
[EventDate "2022.06.24"]
[EventType "swiss"]
[EventRounds "9"]
[EventCountry "USA"]
[SourceTitle "CBM 209 Extra"]
[Source "ChessBase"]
[SourceDate "2022.09.30"]
[SourceVersion "1"]
[SourceVersionDate "2022.09.30"]
[SourceQuality "1"]

1. d4 d5 2. c4 c6 3. cxd5 cxd5 4. Nc3 Nf6 5. Bf4 Nc6 6. Nf3 Bf5 7. e3 e6 8. Bd3 Bxd3 9. Qxd3 Bd6 10. Bxd6 Qxd6 11. 0-0 0-0 12. Rfc1 Rfc8 13. h3 h6 14. Nd2 Nd7 15. Nb3 a6 16. Na4 Nb4 17. Qd2 Rxc1+ 18. Qxc1 e5 19. dxe5 Nxe5 20. Qc5 Rd8 21. Nd4 Nbd3 22. Qxd6 Rxd6 23. b3 Nc6 24. Nf3 b5 25. Nc3 d4 26. exd4 Nxd4 27. Nxd4 Rxd4 28. Rd1 Kf8 29. Kf1 Ke7 30. g3 Rd7 31. Ke2 Nb4 32. Rxd7+ Kxd7 33. Ke3 Kd6 34. a4 Nd5+ 35. Nxd5 Kxd5 36. axb5 axb5 37. Kd3 Kc5 38. Kc3 f5 39. f4 h5 40. h4 b4+ 1/2-1/2

[Event "Philadelphia int op 15th"]
[Site "Philadelphia"]
[Date "2022.06.26"]
[Round "5"]
[White "Mulyar, Michael A"]
[Black "Bellahcene, Bilel"]
[Result "0-1"]
[WhiteElo "2348"]
[BlackElo "2513"]
[PlyCount "116"]
[EventDate "2022.06.24"]
[EventType "swiss"]
[EventRounds "9"]
[EventCountry "USA"]
[SourceTitle "CBM 209 Extra"]
[Source "ChessBase"]
[SourceDate "2022.09.30"]
[SourceVersion "1"]
[SourceVersionDate "2022.09.30"]
[SourceQuality "1"]

1. d4 Nf6 2. Nf3 b6 3. c4 Bb7 4. g3 Bxf3 5. exf3 e6 6. Bg2 Bb4+ 7. Nc3 Bxc3+ 8. bxc3 0-0 9. f4 Nc6 10. 0-0 Na5 11. c5 Rc8 12. f5 exf5 13. Qf3 Qe7 14. Qxf5 Qe6 15. Qf3 Rfe8 16. Bf4 c6 17. cxb6 axb6 18. Rfb1 Nd5 19. Bd2 Nc4 20. Be1 b5 21. Bf1 Ndb6 22. Bd3 Ra8 23. Kg2 Ra7 24. Bc2 d5 25. Bb3 Qg6 26. Rc1 Rae7 27. Bc2 Qh6 28. Bd3 Re6 29. h4 Rf6 30. Qg4 Nb2 31. Bc2 N6c4 32. Qg5 Re2 33. Qxh6 gxh6 34. Kg1 Nd2 35. Kg2 Kg7 36. h5 Kh8 37. g4 Rf4 38. Bf5 Ne4 39. Rcb1 Nd3 40. Bxe4 Rxg4+ 41. Kf1 Rgxe4 42. Rd1 Nb2 43. Rd2 Rxd2 44. Bxd2 Kg7 45. f3 Rh4 46. Kg2 Rxh5 47. Kg3 Rf5 48. Bf4 Nd3 49. Bd2 Rf6 50. f4 Nb2 51. Kf3 Nc4 52. Be1 Re6 53. Bf2 Nd2+ 54. Kg4 Rg6+ 55. Kh5 Ne4 56. Bh4 Rg2 57. a4 bxa4 58. Rxa4 Rh2 0-1

[Event "Philadelphia int op 15th"]
[Site "Philadelphia"]
[Date "2022.06.26"]
[Round "4"]
[White "Rogers, Norman"]
[Black "Mulyar, Michael A"]
[Result "0-1"]
[WhiteElo "2138"]
[BlackElo "2348"]
[PlyCount "130"]
[EventDate "2022.06.24"]
[EventType "swiss"]
[EventRounds "9"]
[EventCountry "USA"]
[SourceTitle "CBM 209 Extra"]
[Source "ChessBase"]
[SourceDate "2022.09.30"]
[SourceVersion "1"]
[SourceVersionDate "2022.09.30"]
[SourceQuality "1"]

1. e4 e5 2. Nf3 Nc6 3. Bc4 Nf6 4. d3 Bc5 5. c3 d6 6. 0-0 a6 7. a4 Ba7 8. Re1 h6 9. Be3 Bxe3 10. Rxe3 0-0 11. d4 Bg4 12. d5 Ne7 13. Bf1 Nh7 14. Nbd2 f5 15. Be2 Ng6 16. exf5 Bxf5 17. Ne4 Nf4 18. Bf1 Nf6 19. Nxf6+ Qxf6 20. Qd2 Bg4 21. Ne1 Kh8 22. Kh1 Nxd5 23. Rg3 Be6 24. Kg1 Nf4 25. Nd3 Nh5 26. Re3 Qg6 27. Rae1 Rae8 28. g3 Nf6 29. Nf4 exf4 30. Rxe6 fxg3 31. hxg3 Rxe6 32. Rxe6 Re8 33. Bd3 Qf7 34. Rxe8+ Qxe8 35. Bc2 Qe5 36. Qd3 d5 37. Kf1 Kg8 38. c4 c6 39. b4 Kf8 40. cxd5 Qxd5 41. Qa3 Qd6 42. Qb3 b5 43. axb5 axb5 44. Qa3 Nd5 45. Qa8+ Ke7 46. Qa7+ Kf6 47. Qd4+ Qe5 48. Qc5 Ne7 49. f4 Qxc5 50. bxc5 Nf5 51. Kf2 Ke6 52. Be4 Nd4 53. Ke3 Nb3 54. Bxc6 b4 55. Kd3 Nxc5+ 56. Kc4 Kd6 57. Bf3 b3 58. Kc3 Ke6 59. g4 Kf6 60. Be2 Ne6 61. g5+ hxg5 62. fxg5+ Kxg5 63. Bc4 Nc5 64. Kb4 b2 65. Ba2 Ne4 0-1

[Event "Philadelphia int op 15th"]
[Site "Philadelphia"]
[Date "2022.06.25"]
[Round "2"]
[White "Zhou, Jianchao"]
[Black "Mulyar, Michael A"]
[Result "1-0"]
[WhiteElo "2583"]
[BlackElo "2348"]
[PlyCount "77"]
[EventDate "2022.06.24"]
[EventType "swiss"]
[EventRounds "9"]
[EventCountry "USA"]
[SourceTitle "CBM 209 Extra"]
[Source "ChessBase"]
[SourceDate "2022.09.30"]
[SourceVersion "1"]
[SourceVersionDate "2022.09.30"]
[SourceQuality "1"]

1. Nf3 d5 2. e3 Nf6 3. c4 c6 4. Nc3 e6 5. b3 Bd6 6. Bb2 0-0 7. Qc2 e5 8. Be2 Bg4 9. h3 Bh5 10. 0-0 a6 11. d4 e4 12. Ne5 Bxe2 13. Nxe2 Nbd7 14. cxd5 cxd5 15. Rfc1 Re8 16. Nxd7 Nxd7 17. a4 Qe7 18. Nc3 Nf6 19. Nb1 Qd7 20. Ba3 Rac8 21. Qd1 Rxc1 22. Qxc1 Rc8 23. Qd1 Rc6 24. Bxd6 Qxd6 25. Nd2 Qc7 26. b4 Rc3 27. b5 axb5 28. axb5 h6 29. Qb1 b6 30. Qb4 Kh7 31. Nf1 Rc4 32. Qa3 Qd7 33. Qa7 Qxa7 34. Rxa7 Rb4 35. Rxf7 Rxb5 36. g4 Kg6 37. Rb7 h5 38. g5 Kxg5 39. Rxg7+ 1-0

[Event "Chicago op 31st"]
[Site "Chicago"]
[Date "2022.05.29"]
[Round "7"]
[White "Amburgy, Ryan"]
[Black "Mulyar, Michael A"]
[Result "1/2-1/2"]
[WhiteElo "2234"]
[BlackElo "2348"]
[PlyCount "64"]
[EventDate "2022.05.26"]
[EventType "swiss"]
[EventRounds "9"]
[EventCountry "USA"]
[SourceTitle "CBM 208 Extra"]
[Source "ChessBase"]
[SourceDate "2022.07.31"]
[SourceVersion "1"]
[SourceVersionDate "2022.07.31"]
[SourceQuality "1"]

1. d4 d5 2. Nc3 Nf6 3. Bf4 c5 4. e3 cxd4 5. exd4 a6 6. Bd3 Nc6 7. Nce2 Qb6 8. a4 Bg4 9. c3 e6 10. b4 Be7 11. a5 Qd8 12. Qa4 0-0 13. Ng3 Bh5 14. Nxh5 Nxh5 15. Be3 e5 16. Ne2 Bg5 17. Bxg5 Qxg5 18. 0-0 exd4 19. cxd4 Nf4 20. Nxf4 Qxf4 21. b5 axb5 22. Qxb5 Qxd4 23. Rfd1 Qf6 24. h3 Rfd8 25. Qxb7 Nxa5 26. Qc7 Nc6 27. Rxa8 Rxa8 28. Bf1 Rd8 29. Bb5 Ne5 30. Re1 Ng6 31. Be8 Ra8 32. Qb7 Rd8 1/2-1/2

[Event "Philadelphia int op 14th"]
[Site "Philadelphia"]
[Date "2021.06.27"]
[Round "4"]
[White "Chiu, Isaac"]
[Black "Mulyar, Michael A"]
[Result "1-0"]
[WhiteElo "2190"]
[BlackElo "2379"]
[PlyCount "69"]
[EventDate "2021.06.26"]
[EventType "swiss"]
[EventRounds "9"]
[EventCountry "USA"]
[SourceTitle "CBM 203 Extra"]
[Source "ChessBase"]
[SourceDate "2021.09.30"]
[SourceVersion "1"]
[SourceVersionDate "2021.09.30"]
[SourceQuality "1"]

1. c4 c6 2. Nf3 d5 3. e3 Nf6 4. Nc3 e6 5. b3 Bd6 6. Bb2 0-0 7. Qc2 e5 8. cxd5 cxd5 9. Nb5 Nc6 10. Nxd6 Qxd6 11. d4 Nb4 12. Qd1 Qc7 13. dxe5 Nc2+ 14. Ke2 Nxa1 15. exf6 Nc2 16. Qxd5 Nb4 17. Qg5 Qc2+ 18. Nd2 Qg6 19. Qxg6 hxg6 20. fxg7 Re8 21. f3 Nd5 22. Kf2 Nxe3 23. Bb5 Re6 24. Ne4 a6 25. Kxe3 axb5 26. Rd1 f6 27. Bxf6 Re8 28. Kf4 Bf5 29. Nd6 Re6 30. Kg5 Bc2 31. Rd2 Bb1 32. Nxb5 Bxa2 33. Nc7 Ra5+ 34. Kh6 Kf7 35. g4 1-0

[Event "Philadelphia int op 14th"]
[Site "Philadelphia"]
[Date "2021.06.27"]
[Round "3"]
[White "Mulyar, Michael A"]
[Black "Woodward, Andy"]
[Result "1/2-1/2"]
[WhiteElo "2379"]
[BlackElo "2083"]
[PlyCount "48"]
[EventDate "2021.06.26"]
[EventType "swiss"]
[EventRounds "9"]
[EventCountry "USA"]
[SourceTitle "CBM 203 Extra"]
[Source "ChessBase"]
[SourceDate "2021.09.30"]
[SourceVersion "1"]
[SourceVersionDate "2021.09.30"]
[SourceQuality "1"]

1. d4 d5 2. Nf3 Nf6 3. c4 c6 4. Nc3 e6 5. e3 a6 6. b3 Bb4 7. Bd2 0-0 8. Bd3 Nbd7 9. 0-0 Bd6 10. e4 e5 11. exd5 cxd5 12. cxd5 exd4 13. Nxd4 Nc5 14. Be2 Nce4 15. Nxe4 Nxe4 16. Be3 Nc3 17. Qd2 Nxd5 18. Bg5 Bb4 19. Bxd8 Bxd2 20. Bh4 Nc3 21. Bd1 Nxd1 22. Rfxd1 Bc3 23. Rac1 Bxd4 24. Rxd4 Be6 1/2-1/2

[Event "World op 48th"]
[Site "ICC INT"]
[Date "2020.08.09"]
[Round "8"]
[White "Vidyarthi, Vyom"]
[Black "Mulyar, Michael A"]
[Result "1/2-1/2"]
[WhiteElo "2090"]
[BlackElo "2379"]
[PlyCount "68"]
[EventDate "2020.08.07"]
[EventType "swiss"]
[EventRounds "9"]
[EventCountry "USA"]
[SourceTitle "CBM 197 Extra"]
[Source "ChessBase"]
[SourceDate "2020.09.30"]
[SourceVersion "1"]
[SourceVersionDate "2020.09.30"]
[SourceQuality "1"]

1. Nc3 Nf6 2. d4 d5 3. Bf4 a6 4. e3 Bf5 5. f3 e6 6. g4 Bg6 7. h4 h5 8. g5 Nfd7 9. Bd3 Bxd3 10. Qxd3 Bd6 11. Bxd6 cxd6 12. g6 Qf6 13. gxf7+ Qxf7 14. e4 Nc6 15. Nh3 0-0-0 16. Ng5 Qe7 17. 0-0-0 dxe4 18. Qxe4 Rde8 19. d5 exd5 20. Qxd5 Rhf8 21. Nge4 Nf6 22. Qxd6 Nxe4 23. Nxe4 Rxf3 24. Rhe1 Qc7 25. Qg6 Ref8 26. Ng5 R3f6 27. Qxh5 Kb8 28. Ne6 Qf7 29. Qxf7 R8xf7 30. Ng5 Rc7 31. Re8+ Ka7 32. Ne6 Rcf7 33. Ng5 Rc7 34. Ne6 Rcf7 1/2-1/2

[Event "World op 48th"]
[Site "ICC INT"]
[Date "2020.08.08"]
[Round "6"]
[White "Yan, Rui Yang"]
[Black "Mulyar, Michael A"]
[Result "1/2-1/2"]
[WhiteElo "2093"]
[BlackElo "2379"]
[PlyCount "67"]
[EventDate "2020.08.07"]
[EventType "swiss"]
[EventRounds "9"]
[EventCountry "USA"]
[SourceTitle "CBM 197 Extra"]
[Source "ChessBase"]
[SourceDate "2020.09.30"]
[SourceVersion "1"]
[SourceVersionDate "2020.09.30"]
[SourceQuality "1"]

1. e4 e5 2. Nf3 Nc6 3. Bb5 a6 4. Ba4 Nf6 5. d3 b5 6. Bb3 Bc5 7. Nc3 h6 8. Nd5 d6 9. c3 Be6 10. 0-0 Bxd5 11. exd5 Ne7 12. c4 0-0 13. Be3 Bxe3 14. fxe3 c6 15. dxc6 Nxc6 16. cxb5 axb5 17. e4 Na5 18. Kh1 Ng4 19. Bd5 Ne3 20. Qe2 Nxd5 21. exd5 b4 22. d4 Re8 23. dxe5 dxe5 24. Qe4 Rc8 25. Rac1 Rxc1 26. Rxc1 Qd6 27. h3 g6 28. g4 Rd8 29. Rd1 Nc6 30. Rd2 Ne7 31. Qxe5 Qxe5 32. Nxe5 Rxd5 33. Rxd5 Nxd5 34. Kg2 1/2-1/2

[Event "World op 48th"]
[Site "ICC INT"]
[Date "2020.08.07"]
[Round "1"]
[White "Mulyar, Michael A"]
[Black "Kondakov, Adrian"]
[Result "1-0"]
[WhiteElo "2379"]
[BlackElo "1986"]
[PlyCount "117"]
[EventDate "2020.08.07"]
[EventType "swiss"]
[EventRounds "9"]
[EventCountry "USA"]
[SourceTitle "CBM 197 Extra"]
[Source "ChessBase"]
[SourceDate "2020.09.30"]
[SourceVersion "1"]
[SourceVersionDate "2020.09.30"]
[SourceQuality "1"]

1. d4 Nf6 2. Nf3 g6 3. c4 Bg7 4. g3 0-0 5. Bg2 d6 6. 0-0 Nc6 7. Nc3 a6 8. h3 Rb8 9. e4 b5 10. d5 Na5 11. cxb5 axb5 12. b4 Nc4 13. Nd4 Bd7 14. a4 bxa4 15. b5 e5 16. Nc6 Bxc6 17. dxc6 Nb6 18. Nxa4 Nxa4 19. Qxa4 Ra8 20. Qxa8 Qxa8 21. Rxa8 Rxa8 22. Be3 Ne8 23. Rc1 Kf8 24. b6 cxb6 25. c7 Rc8 26. Bxb6 Bh6 27. Rc2 Ke7 28. Bf1 Nxc7 29. Rxc7+ Rxc7 30. Bxc7 Bd2 31. Bc4 Bb4 32. Bb6 Bc3 33. Kg2 h5 34. Be3 Bb4 35. f4 Kf6 36. Kf3 Kg7 37. Bb6 Kf6 38. Bd8+ Kg7 39. Bd5 Bc5 40. Be7 f6 41. fxe5 fxe5 42. g4 hxg4+ 43. hxg4 Kh6 44. Kg3 Kg7 45. g5 Bb4 46. Kf3 Bc5 47. Ke2 Bb4 48. Kd3 Bc5 49. Kc4 Be3 50. Kb5 Bd2 51. Kc6 Bc1 52. Kxd6 Kh7 53. Kxe5 Bb2+ 54. Ke6 Bc1 55. e5 Bb2 56. Bf6 Ba1 57. Be4 Bb2 58. Kf7 Bxe5 59. Bxg6# 1-0

[Event "Charlotte op"]
[Site "Charlotte"]
[Date "2020.01.04"]
[Round "6"]
[White "Mulyar, Michael A"]
[Black "Venkat, Raghav"]
[Result "1-0"]
[WhiteElo "2380"]
[BlackElo "2141"]
[PlyCount "121"]
[EventDate "2020.01.01"]
[EventType "swiss"]
[EventRounds "9"]
[EventCountry "USA"]
[SourceTitle "CBM 194 Extra"]
[Source "ChessBase"]
[SourceDate "2020.03.31"]
[SourceVersion "1"]
[SourceVersionDate "2020.03.31"]
[SourceQuality "1"]

1. d4 Nf6 2. Nf3 d5 3. c4 e6 4. Nc3 Be7 5. Bg5 0-0 6. e3 c6 7. Rc1 Nbd7 8. Qc2 h6 9. Bh4 a6 10. c5 e5 11. dxe5 Ne8 12. Bg3 Nxc5 13. Be2 Nc7 14. 0-0 Nb5 15. Rfd1 Nxc3 16. bxc3 Qa5 17. Nd2 Be6 18. Nb3 Nxb3 19. axb3 Qb6 20. c4 dxc4 21. Bxc4 Bxc4 22. Qxc4 Ba3 23. Ra1 Qb4 24. Rd7 Qxc4 25. bxc4 Bb4 26. Rxb7 c5 27. f4 a5 28. Be1 Rfb8 29. Rxb8+ Rxb8 30. Bxb4 axb4 31. Kf2 b3 32. Ke2 b2 33. Rb1 Rb3 34. Kd2 Kf8 35. g3 Ke7 36. e4 Ke6 37. Kc2 Re3 38. Rxb2 Rxe4 39. Kd3 Rd4+ 40. Kc3 Rd1 41. Rb6+ Kf5 42. Rb7 Ke6 43. Rc7 Rh1 44. Rxc5 Rxh2 45. Rd5 h5 46. Rd6+ Ke7 47. c5 h4 48. gxh4 Rxh4 49. Rd4 Rh1 50. Kc4 Re1 51. c6 g5 52. fxg5 Rxe5 53. c7 Re1 54. Kb5 Rb1+ 55. Kc6 Rc1+ 56. Kb7 Rb1+ 57. Kc8 Rc1 58. Rb4 Kd6 59. Rb6+ Ke5 60. Kb8 Kf4 61. Rb5 1-0

[Event "Charlotte op"]
[Site "Charlotte"]
[Date "2020.01.02"]
[Round "3"]
[White "Karthik, Venkataraman"]
[Black "Mulyar, Michael A"]
[Result "1/2-1/2"]
[WhiteElo "2479"]
[BlackElo "2380"]
[PlyCount "77"]
[EventDate "2020.01.01"]
[EventType "swiss"]
[EventRounds "9"]
[EventCountry "USA"]
[SourceTitle "CBM 194 Extra"]
[Source "ChessBase"]
[SourceDate "2020.03.31"]
[SourceVersion "1"]
[SourceVersionDate "2020.03.31"]
[SourceQuality "1"]

1. e4 e5 2. Nf3 Nc6 3. Bb5 a6 4. Ba4 Nf6 5. 0-0 b5 6. Bb3 Bc5 7. a4 Rb8 8. c3 d6 9. d4 Bb6 10. a5 Ba7 11. h3 0-0 12. Be3 exd4 13. cxd4 Nb4 14. Nc3 Bb7 15. Re1 c5 16. dxc5 dxc5 17. e5 Nfd5 18. Bg5 Qd7 19. Nxd5 Nxd5 20. Bc2 c4 21. Nh4 g6 22. Be4 Bc5 23. Qf3 Be7 24. Bxe7 Nxe7 25. Rad1 Bxe4 26. Rxd7 Bxf3 27. Nxf3 Nc6 28. e6 Nxa5 29. Ng5 fxe6 30. Rxe6 Rb7 31. Rxb7 Nxb7 32. Rxa6 Nc5 33. Rb6 Nd3 34. Rxb5 Rxf2 35. Rb8+ Rf8 36. Rb7 Rf2 37. Rb8+ Rf8 38. Rb7 Rf2 39. Rb8+ 1/2-1/2

[Event "Continental op 49th"]
[Site "Sturbridge"]
[Date "2019.08.15"]
[Round "2"]
[White "Zhou, Jianchao"]
[Black "Mulyar, Michael A"]
[Result "0-1"]
[WhiteElo "2606"]
[BlackElo "2382"]
[PlyCount "101"]
[EventDate "2019.08.14"]
[EventType "swiss"]
[EventRounds "9"]
[EventCountry "USA"]
[SourceTitle "CBM 191 Extra"]
[Source "ChessBase"]
[SourceDate "2019.09.30"]
[SourceVersion "1"]
[SourceVersionDate "2019.09.30"]
[SourceQuality "1"]

1. d4 d5 2. c4 c6 3. Nf3 Nf6 4. Nc3 e6 5. Bg5 dxc4 6. e4 b5 7. e5 h6 8. Bh4 g5 9. Nxg5 hxg5 10. Bxg5 Nbd7 11. g3 Bb7 12. Bg2 Qb6 13. exf6 0-0-0 14. 0-0 c5 15. dxc5 Nxc5 16. Qe2 Bxg2 17. Kxg2 Bh6 18. h4 Bxg5 19. hxg5 Qc6+ 20. f3 b4 21. Ne4 Nxe4 22. Qxe4 Qxe4 23. fxe4 Rhg8 24. Rac1 Rd4 25. Rh1 Rxg5 26. Rh7 Rd3 27. Rxc4+ Kd8 28. Kf2 Rgxg3 29. Rd4+ Rxd4 30. Kxg3 Rd7 31. Kf4 Kc7 32. Ke5 Kc6 33. b3 Kc5 34. Rh8 Kc6 35. Rb8 Kc5 36. Rc8+ Kb6 37. Rb8+ Kc5 38. Rc8+ Kb6 39. Kf4 a5 40. Rf8 Kc5 41. Ke5 Rc7 42. Re8 Rd7 43. Re7 Kc6 44. Rxf7 Rxf7 45. Kxe6 Ra7 46. f7 Ra8 47. Ke7 Kc5 48. f8Q Rxf8 49. Kxf8 Kd4 50. Ke7 Kxe4 51. Kd6 0-1